Mur priyo puruxbur aru ityadi (Record no. 10427)

MARC details
000 -LEADER
fixed length control field 00524cam a2200205ua 4500
001 - CONTROL NUMBER
control field 11626
005 - DATE AND TIME OF LATEST TRANSACTION
control field 20260515114757.0
008 - FIXED-LENGTH DATA ELEMENTS--GENERAL INFORMATION
fixed length control field 191012n ii |||gr||||Z||||||asm
020 ## - INTERNATIONAL STANDARD BOOK NUMBER
International Standard Book Number 978938205663403
040 ## - CATALOGING SOURCE
Transcribing agency MAIN
082 ## - DEWEY DECIMAL CLASSIFICATION NUMBER
Classification number 891.4514
100 ## - MAIN ENTRY--PERSONAL NAME
Personal name Akashitora,
Relator term Author.
245 ## - TITLE STATEMENT
Title Mur priyo puruxbur aru ityadi
Statement of responsibility, etc. By Akashitora
250 ## - EDITION STATEMENT
Edition statement 1st d.
260 ## - PUBLICATION, DISTRIBUTION, ETC.
Place of publication, distribution, etc. Dibrugarh:
Name of publisher, distributor, etc. Banlata,
Date of publication, distribution, etc. 2017.
300 ## - PHYSICAL DESCRIPTION
Extent 517p.
653 ## - INDEX TERM--UNCONTROLLED
Uncontrolled term East Indo-European & Celtic literatures
653 ## - INDEX TERM--UNCONTROLLED
Uncontrolled term Assamese Prose
942 ## - ADDED ENTRY ELEMENTS (KOHA)
Koha item type Books
Holdings
Withdrawn status Lost status Damaged status Not for loan Home library Current library Shelving location Date acquired Total checkouts Full call number Barcode Date last seen Copy number Price effective from Koha item type
        Naharkatiya College Library Naharkatiya College Library General stacks 09/19/2020   891.4514AKA 26296 09/19/2020 1 09/19/2020 Books